[Event "NSV Open-ch Rapid 2019"]
[Site "Lueneburg"]
[Date "2019.08.03"]
[Round "5.10"]
[White "Kotyk, Michael"]
[Black "Joppien, Arne"]
[Result "1-0"]
[WhiteElo "1998"]
[BlackElo "1940"]
[Annotator "NA RC"]
[PlyCount "57"]
[EventDate "2019.08.03"]
[EventType "swiss"]
[EventCountry "GER"]
[SourceTitle "playchess.com"]
[Source "ChessBase"]
[SourceQuality "1"]
[TimeControl "600+5"]

1. e4 {[%emt 0:00:00]} c6 {[%emt 0:00:00]} 2. Nc3 {[%emt 0:00:00]} d5 {[%emt 0:00:00]} 3. Qe2 {[%emt 0:00:00]} d4 {[%emt 0:00:03]} 4. Nd1 {[%emt 0:00:00]} e5 {[%emt 0:00:05]} 5. d3 {[%emt 0:00:00]} c5 {[%emt 0:00:07]} 6. g3 {[%emt 0:00:01]} Nc6 {[%emt 0:00:02]} 7. f4 {[%emt 0:00:01]} g6 {[%emt 0:00:14]} 8. Nf3 {[%emt 0:00:02]} Bg7 {[%emt 0:00:02]} 9. Nf2 {[%emt 0:00:15]} Nge7 {[%emt 0:00:03]} 10. Bg2 {[%emt 0:00:02]} O-O {[%emt 0:00:07]} 11. O-O {[%emt 0:00:01]} f5 {[%emt 0:00:21]} 12. exf5 {[%emt 0:00:03]} Bxf5 {[%emt 0:00:31]} 13. fxe5 {[%emt 0:00:10]} h6 {[%emt 0:00:40]} 14. Ne4 {[%emt 0:00:20]} b6 {[%emt 0:00:52]} 15. Nd6 {[%emt 0:00:08]} Bg4 {[%emt 0:00:46]} 16. Nc4 {[%emt 0:00:34]} b5 {[%emt 0:00:42]} 17. Nd6 {[%emt 0:00:03]} Rb8 {[%emt 0:00:05]} 18. a4 {[%emt 0:00:53]} a6 {[%emt 0:00:38]} 19. axb5 {[%emt 0:00:26]} axb5 {[%emt 0:00:01]} 20. Ne4 {[%emt 0:00:01]} Qb6 {[%emt 0:00:51]} 21. Nf6+ {[%emt 0:00:16]} Bxf6 {[%emt 0:00:36]} 22. exf6 {[%emt 0:00:02]} Rxf6 {[%emt 0:00:10]} 23. Bxh6 {[%emt 0:00:06]} Kh7 {[%emt 0:00:36]} 24. Ng5+ {[%emt 0:00:10]} Kxh6 {[%emt 0:00:06]} 25. Qxg4 {[%emt 0:00:01]} Nf5 {[%emt 0:01:24]} 26. Qh3+ {[%emt 0:00:03]} Kg7 {[%emt 0:00:08]} 27. Qh7+ {[%emt 0:00:02]} Kf8 {[%emt 0:00:02]} 28. Qh8+ {[%emt 0:00:04]} Ke7 {[%emt 0:00:11]} 29. Rae1+ {[%emt 0:00:01]} 1-0

[Event "NSV Open-ch Rapid 2019"]
[Site "Lueneburg"]
[Date "2019.08.03"]
[Round "5.11"]
[White "Ramme, Christoph"]
[Black "Becker, Martin Alexander"]
[Result "1-0"]
[WhiteElo "2154"]
[BlackElo "2373"]
[Annotator "TA"]
[PlyCount "57"]
[EventDate "2019.08.03"]
[EventType "swiss"]
[EventCountry "GER"]
[SourceTitle "playchess.com"]
[Source "ChessBase"]
[SourceQuality "1"]

{[%evp 11,63,-60,19,10,33,28,91,36,138,138,234,232,306,299,302,284,277,288,284,232,412,410,409,405,1304,1020,938,423,1131,712,895,908,839,430,410,415,404,403,385,265,475,449,1134,1121,981,964,29991,29990,29994,29995,29995,29990,29992,954]} 1. e4 e5 2. Nf3 Nc6 3. Bb5 a6 4. Bxc6 dxc6 5. O-O Bd6 6. Nc3 Nf6 (6... Bg4 $1 $15) 7. d4 $11 {C48: Four Knights: 4 Bb5, replies other than 4...Bb4} exd4 8. Qxd4 c5 (8... Be7 $1 $11) (8... Be7 9. Qxd8+ Bxd8 10. h3 Nd7 11. Bf4 Nf8 12. Ne2 Ne6 13. Bh2 Bf6 14. c3 Bd7 {0-1 (34) Saptarshi,R (2433)-Nikolov,M (2518) Golden Sands 2014}) 9. Qe3 $146 (9. Qd3 $16 {aiming for e5.} Be7 10. Qe2) ({Predecessor:} 9. Qd3 Be7 10. Qxd8+ Bxd8 11. Bf4 O-O 12. Rad1 Be6 13. Rd2 Re8 14. Rfd1 c6 {1-0 (37) Martin,R (1692)-Peczely,S (2024) Naumburg 2012}) 9... Be7 ({Black should try} 9... Ng4 $14 10. Qe2 O-O) 10. Rd1 $16 Bd7 (10... Nd7 $16 11. Qf4 O-O) 11. e5 $18 Ng4 12. Qe4 Qc8 13. h3 Bf5 14. Qe2 Nh6 15. Nd5 Bd8 $2 (15... Ng8 16. Bf4 Bd8) 16. Bxh6 gxh6 17. Nf6+ Kf8 (17... Bxf6 $142 18. exf6+ Qe6) 18. Qd2 Kg7 19. Qc3 (19. Nh5+ $142 Kg6 {[#]} 20. e6 $1 {[%mdl 512]}) 19... b6 (19... Rg8 $142 20. Nxg8 Kxg8 21. Qxc5 c6) 20. Nh4 {Threatens to win with e6!} Qe6 21. Nxf5+ Qxf5 22. Rd3 Rf8 23. Rf3 Qe6 24. Nh5+ (24. Qe3 Bxf6 25. Rxf6 Qd5 $18) 24... Kh8 25. Re1 Rg8 $2 (25... Bg5 {might work better.} 26. h4 Bxh4) 26. Nf4 Qe7 (26... Qf5 $142 27. g4 Qg5) 27. e6+ Qf6 28. exf7 {Threatening mate with Re8!} Rf8 {[#]} 29. Ng6+ {Played: Re1-e8} 1-0

[Event "NSV Open-ch Rapid 2019"]
[Site "Lueneburg"]
[Date "2019.08.03"]
[Round "5.12"]
[White "Martinez Martin, David"]
[Black "Reuker, Jari"]
[Result "0-1"]
[WhiteElo "2388"]
[BlackElo "2403"]
[Annotator "TA"]
[PlyCount "48"]
[EventDate "2019.08.03"]
[EventType "swiss"]
[EventCountry "GER"]
[SourceTitle "playchess.com"]
[Source "ChessBase"]
[SourceQuality "1"]

{[%evp 9,48,-62,-56,-59,-66,-78,-49,-154,-178,-591,-569,-589,-584,-581,-591,-602,-600,-789,-781,-768,-716,-934,-897,-1236,-1217,-1875,-1842,-5739,-5311,-29983,-29984,-29984,-29985,-29975,-2392,-2889,-2586,-29989,-29990,-29994,-29989]} 1. e4 c5 2. f4 d5 3. exd5 Nf6 4. c4 e6 5. Nf3 (5. dxe6 Bxe6 6. Be2 Nc6 7. Nf3 Bd6 8. d3 Qc7 9. Nc3 Bxf4 10. Nb5 Qa5+ 11. Bd2 Bxd2+ 12. Qxd2 Qxd2+ 13. Nxd2 O-O-O {1-0 (40) Shirazi,K (2350)-Mohammad,N (2415) Paris 2016}) 5... exd5 6. cxd5 {B21: Sicilian: 2 f4 and Morra Gambit} Nxd5 7. Bb5+ $146 ({Predecessor:} 7. Nc3 Nc6 8. Nxd5 Qxd5 9. Be2 Bd6 10. d3 O-O 11. O-O Re8 12. Re1 Nd4 13. h3 Nxe2+ 14. Rxe2 {0-1 (14) Huang,Y-Royal,S (1742) Pocos de Caldas 2017}) 7... Bd7 8. Qe2+ {[#]} (8. Bxd7+ $15 Nxd7 9. O-O) 8... Be7 $1 $17 9. d3 $2 (9. Bxd7+ {is tougher.} Qxd7 10. d3) 9... Bxb5 $19 10. O-O O-O 11. Na3 Ba6 12. Bd2 Nc6 {[%cal Bb8c6,Bc6b4,Bb4d3][%mdl 32]} 13. Rac1 Ndb4 14. Bxb4 Nxb4 15. Rfe1 Bf6 16. Rxc5 Nxd3 17. Rd1 Bd4+ 18. Nxd4 Qxd4+ {[%mdl 64] Double Attack} 19. Kf1 Qxf4+ 20. Kg1 Qd4+ 21. Kh1 Qxc5 (21... Rae8 $142 22. Rc4 Bxc4 23. Nc2 Qb6 24. Qf1 Nf2+ {[%mdl 64] Discovered Attack} 25. Qxf2 Qxf2 26. h3 Bf1 27. Rxf1 Qxf1+ 28. Kh2 {[#]} Re2 $1 {[%mdl 576] Double Attack} 29. Kg3 Rxg2+ 30. Kh4 Qf6+ {[%mdl 64] Double Attack} 31. Kh5 Qh6#) 22. Rf1 {[#]} Nxb2 $1 23. Qxb2 Bxf1 24. Qb1 Bd3 0-1

[Event "NSV Open-ch Rapid 2019"]
[Site "Lueneburg"]
[Date "2019.08.03"]
[Round "5.13"]
[White "Chennaoui, Yasin"]
[Black "Egelriede, Nikolas"]
[Result "1-0"]
[WhiteElo "2092"]
[BlackElo "1865"]
[Annotator "NA RC"]
[PlyCount "73"]
[EventDate "2019.08.03"]
[EventType "swiss"]
[EventCountry "GER"]
[SourceTitle "playchess.com"]
[Source "ChessBase"]
[SourceQuality "1"]
[TimeControl "600+5"]

1. g3 {[%emt 0:00:00]} d5 {[%emt 0:00:00]} 2. Bg2 {[%emt 0:00:00]} Nf6 {[%emt 0:00:00]} 3. c4 {[%emt 0:00:00]} c6 {[%emt 0:10:15]} 4. Nf3 {[%emt 0:00:04]} Bf5 {[%emt 0:00:00]} 5. O-O {[%emt 0:00:08]} e6 {[%emt 0:00:00]} 6. b3 {[%emt 0:00:03]} Be7 {[%emt 0:00:00]} 7. Bb2 {[%emt 0:00:01]} O-O {[%emt 0:00:00]} 8. d3 {[%emt 0:00:05]} h6 {[%emt 0:00:00]} 9. Nbd2 {[%emt 0:00:03]} Nbd7 {[%emt 0:00:00]} 10. Ne5 {[%emt 0:00:11]} Nxe5 {[%emt 0:00:00]} 11. Bxe5 {[%emt 0:00:01]} Nd7 {[%emt 0:00:00]} 12. Bb2 {[%emt 0:00:02]} Re8 {[%emt 0:00:00]} 13. Nf3 {[%emt 0:00:25]} Bd6 {[%emt 0:00:00]} 14. Re1 {[%emt 0:00:47]} Qe7 {[%emt 0:00:00]} 15. cxd5 {[%emt 0:00:38]} cxd5 {[%emt 0:00:00]} 16. e4 {[%emt 0:00:03]} dxe4 {[%emt 0:00:00]} 17. dxe4 {[%emt 0:00:02]} Bg4 {[%emt 0:00:00]} 18. Qd4 {[%emt 0:00:18]} e5 {[%emt 0:00:00]} 19. Qd5 {[%emt 0:00:02]} b6 {[%emt 0:00:00]} 20. Rad1 {[%emt 0:00:17]} Bb4 {[%emt 0:00:00]} 21. Re3 {[%emt 0:00:38]} Be6 {[%emt 0:00:00]} 22. Qb5 {[%emt 0:00:12]} a6 {[%emt 0:00:00]} 23. Qe2 {[%emt 0:00:06]} Bg4 {[%emt 0:00:00]} 24. Red3 {[%emt 0:00:20]} Nc5 {[%emt 0:00:00]} 25. Rd5 {[%emt 0:00:03]} Nd7 {[%emt 0:00:00]} 26. h3 {[%emt 0:01:25]} Be6 {[%emt 0:00:00]} 27. R5d3 {[%emt 0:00:14]} Nc5 {[%emt 0:00:00]} 28. Rd6 {[%emt 0:00:01]} Nd7 {[%emt 0:00:00]} 29. R6d3 {[%emt 0:00:04]} Nc5 {[%emt 0:00:00]} 30. Rd6 {[%emt 0:00:01]} Nd7 {[%emt 0:00:00]} 31. Rc6 {[%emt 0:00:16]} b5 {[%emt 0:00:00]} 32. Qc2 {[%emt 0:00:41]} Ba5 {[%emt 0:00:00]} 33. Bc3 {[%emt 0:00:33]} b4 {[%emt 0:00:00]} 34. Bxe5 {[%emt 0:00:30]} Nxe5 {[%emt 0:00:13]} 35. Nxe5 {[%emt 0:00:02]} Rac8 {[%emt 0:00:21]} 36. Rc1 {[%emt 0:00:36]} Rcd8 {[%emt 0:01:00]} 37. Qc5 {[%emt 0:00:20]} 1-0

[Event "NSV Open-ch Rapid 2019"]
[Site "Lueneburg"]
[Date "2019.08.03"]
[Round "5.14"]
[White "Rempe, Jonas"]
[Black "Daemmig, Matthias"]
[Result "0-1"]
[WhiteElo "1839"]
[BlackElo "2059"]
[Annotator "NA RC"]
[PlyCount "46"]
[EventDate "2019.08.03"]
[EventType "swiss"]
[EventCountry "GER"]
[SourceTitle "playchess.com"]
[Source "ChessBase"]
[SourceQuality "1"]
[TimeControl "600+5"]

1. e4 {[%emt 0:00:00]} c5 {[%emt 0:00:00]} 2. Nf3 {[%emt 0:00:00]} Nf6 {[%emt 0:00:00]} 3. Nc3 {[%emt 0:00:05]} d5 {[%emt 0:00:00]} 4. e5 {[%emt 0:00:16]} Nfd7 {[%emt 0:00:07]} 5. Nxd5 {[%emt 0:00:04]} Nxe5 {[%emt 0:00:01]} 6. Bb5+ {[%emt 0:00:16]} Nbc6 {[%emt 0:00:04]} 7. Nxe5 {[%emt 0:01:24]} Qxd5 {[%emt 0:00:02]} 8. Qe2 {[%emt 0:00:27]} Qxg2 {[%emt 0:01:24]} 9. Rf1 {[%emt 0:00:35]} Bh3 {[%emt 0:00:44]} 10. Qe3 {[%emt 0:02:31]} e6 {[%emt 0:00:24]} 11. Nxc6 {[%emt 0:00:08]} bxc6 {[%emt 0:00:03]} 12. Bxc6+ {[%emt 0:00:02]} Qxc6 {[%emt 0:00:02]} 13. Qxh3 {[%emt 0:00:01]} Be7 {[%emt 0:00:22]} 14. d3 {[%emt 0:00:13]} Bf6 {[%emt 0:00:04]} 15. c3 {[%emt 0:00:17]} Rd8 {[%emt 0:00:07]} 16. Bd2 {[%emt 0:00:29]} Qb5 {[%emt 0:00:15]} 17. O-O-O {[%emt 0:00:22]} Rxd3 {[%emt 0:00:57]} 18. Qg2 {[%emt 0:00:07]} O-O {[%emt 0:00:07]} 19. Rg1 {[%emt 0:00:27]} Rb8 {[%emt 0:00:11]} 20. Kc2 {[%emt 0:01:16]} c4 {[%emt 0:00:37]} 21. Rb1 {[%emt 0:00:16]} Qa4+ {[%emt 0:00:53]} 22. b3 {[%emt 0:00:10]} Qxa2+ {[%emt 0:00:02]} 23. Rb2 {[%emt 0:00:11]} Rxd2+ {[%emt 0:00:01]} 0-1

[Event "NSV Open-ch Rapid 2019"]
[Site "Lueneburg"]
[Date "2019.08.03"]
[Round "5.15"]
[White "Fischer, Thomas"]
[Black "Wirries, Frank-Michael"]
[Result "1-0"]
[WhiteElo "2106"]
[BlackElo "1858"]
[Annotator "TA"]
[PlyCount "67"]
[EventDate "2019.08.03"]
[EventType "swiss"]
[EventCountry "GER"]
[SourceTitle "playchess.com"]
[Source "ChessBase"]
[SourceQuality "1"]

{[%evp 9,67,12,32,14,31,24,54,26,66,75,79,63,86,66,57,34,36,-12,-3,-54,-28,-64,-66,-66,-77,-77,-37,-76,-76,-77,-69,-70,-55,-47,0,-25,-22,-20,-18,-22,0,0,0,0,20,20,20,28,88,88,88,87,67,90,92,85,200,121,710,681]} 1. e4 c5 2. c3 b6 3. d4 Bb7 4. Bd3 Nf6 5. Qe2 Nc6 (5... cxd4 6. cxd4 Nc6 7. Nf3 Nb4 8. Nc3 Nxd3+ 9. Qxd3 e6 10. O-O d5 11. exd5 Nxd5 12. Ne4 Nb4 13. Qb5+ Qd7 14. Qxd7+ Kxd7 15. Neg5 f6 16. Nh3 Nc2 17. Rb1 g5 18. Ne1 Nxd4 {0-1 (31) Moroz,R (2406)-Pilavov,G (2611) Golubitskaya 2018}) 6. Nf3 {B22: Sicilian: 2 c3} cxd4 7. Nxd4 g6 8. O-O {White is slightly better.} e5 $146 ({Predecessor:} 8... Bg7 9. Be3 Ne5 10. Bc2 Rc8 11. Nd2 Neg4 12. Bf4 h5 13. N2f3 {1-0 (63) Hellbing,H-Mueller,H Germany 1995}) 9. Nc2 Bg7 10. Bg5 O-O 11. Ne3 Ne7 12. f3 d5 {[%cal Rd5e4]} 13. exd5 Nexd5 14. Rd1 (14. Nxd5 $11 Qxd5 15. c4 Qd4+ 16. Be3) 14... Qc7 15. Na3 Nf4 16. Bxf4 exf4 17. Nec2 Rfe8 18. Qf2 a6 19. Nd4 Nd5 20. Nac2 Ne3 21. Re1 {[%cal Rc2e3]} Nd5 22. Rxe8+ (22. Red1 {keeps more tension.}) 22... Rxe8 23. Re1 Rxe1+ 24. Qxe1 Qe7 25. Qxe7 Nxe7 26. Kf2 b5 27. Nb3 Nd5 28. Be4 f5 (28... Bf8 $11) 29. Bxd5+ $1 $16 Bxd5 30. Nb4 Bxb3 31. axb3 a5 32. Nd5 b4 (32... Be5 $16) 33. cxb4 ({And not} 33. Nxf4 bxc3 34. bxc3 Bxc3 $11) 33... Bxb2 $2 {[%mdl 8192] [#]} (33... axb4 $16 34. Nxf4 (34. Nxb4 Bxb2 35. Ke2 Bd4 $14) 34... Bxb2) 34. bxa5 {Accuracy: White = 67%, Black = 42%.} 1-0

[Event "NSV Open-ch Rapid 2019"]
[Site "Lueneburg"]
[Date "2019.08.04"]
[Round "5.16"]
[White "Reimers, Achim"]
[Black "Serrer, David"]
[Result "1-0"]
[WhiteElo "1975"]
[BlackElo "1516"]
[Annotator "NA RC"]
[PlyCount "82"]
[EventDate "2019.08.03"]
[EventType "swiss"]
[EventCountry "GER"]
[SourceTitle "playchess.com"]
[Source "ChessBase"]
[SourceQuality "1"]
[TimeControl "600+5"]

1. d4 {[%emt 0:00:00]} Nf6 {[%emt 0:00:00]} 2. c3 {[%emt 0:00:00]} g6 {[%emt 0:00:03]} 3. Bf4 {[%emt 0:00:02]} Bg7 {[%emt 0:00:01]} 4. e3 {[%emt 0:00:01]} O-O {[%emt 0:00:06]} 5. h3 {[%emt 0:00:05]} d6 {[%emt 0:00:05]} 6. Nf3 {[%emt 0:00:02]} Bf5 {[%emt 0:00:13]} 7. Be2 {[%emt 0:00:03]} Nbd7 {[%emt 0:00:02]} 8. O-O {[%emt 0:00:03]} c5 {[%emt 0:00:01]} 9. Nbd2 {[%emt 0:00:04]} Nb6 {[%emt 0:00:27]} 10. Rc1 {[%emt 0:00:15]} Rc8 {[%emt 0:00:04]} 11. Re1 {[%emt 0:00:31]} Ne4 {[%emt 0:00:08]} 12. Nxe4 {[%emt 0:00:07]} Bxe4 {[%emt 0:00:03]} 13. Bd3 {[%emt 0:00:37]} Bxd3 {[%emt 0:00:20]} 14. Qxd3 {[%emt 0:00:07]} c4 {[%emt 0:00:38]} 15. Qc2 {[%emt 0:00:06]} d5 {[%emt 0:00:15]} 16. e4 {[%emt 0:00:19]} e6 {[%emt 0:00:12]} 17. exd5 {[%emt 0:00:29]} Nxd5 {[%emt 0:00:02]} 18. Qd2 {[%emt 0:00:36]} Nxf4 {[%emt 0:00:56]} 19. Qxf4 {[%emt 0:00:03]} Qc7 {[%emt 0:00:05]} 20. Qd2 {[%emt 0:00:20]} b5 {[%emt 0:00:11]} 21. Re2 {[%emt 0:00:04]} Qa5 {[%emt 0:00:44]} 22. a3 {[%emt 0:00:02]} Rcd8 {[%emt 0:00:36]} 23. Rce1 {[%emt 0:00:02]} Qb6 {[%emt 0:01:11]} 24. Qg5 {[%emt 0:00:43]} Qb8 {[%emt 0:01:00]} 25. Qh4 {[%emt 0:00:15]} h6 {[%emt 0:01:01]} 26. Ne5 {[%emt 0:00:20]} Bxe5 {[%emt 0:00:28]} 27. Rxe5 {[%emt 0:00:06]} Kg7 {[%emt 0:00:42]} 28. R1e3 {[%emt 0:00:35]} Rd5 {[%emt 0:00:07]} 29. f4 {[%emt 0:00:40]} Rxe5 {[%emt 0:00:35]} 30. fxe5 {[%emt 0:00:09]} Qd8 {[%emt 0:00:07]} 31. Qf4 {[%emt 0:00:18]} Qg5 {[%emt 0:00:20]} 32. Qe4 {[%emt 0:00:13]} a5 {[%emt 0:00:20]} 33. Re2 {[%emt 0:00:52]} Rb8 {[%emt 0:00:20]} 34. Rf2 {[%emt 0:00:16]} b4 {[%emt 0:00:04]} 35. axb4 {[%emt 0:00:19]} axb4 {[%emt 0:00:03]} 36. d5 {[%emt 0:01:37]} exd5 {[%emt 0:00:26]} 37. Qxd5 {[%emt 0:00:06]} Qe7 {[%emt 0:00:57]} 38. Qd4 {[%emt 0:00:29]} Rd8 {[%emt 0:00:01]} 39. Qxc4 {[%emt 0:00:54]} Rd1+ {[%emt 0:00:00]} 40. Kh2 {[%emt 0:00:02]} Qxe5+ {[%emt 0:00:01]} 41. Qf4 {[%emt 0:00:01]} Qxf4+ {[%emt 0:00:02]} 1-0

[Event "NSV Open-ch Rapid 2019"]
[Site "Lueneburg"]
[Date "2019.08.03"]
[Round "5.17"]
[White "Rothenberg, Nina"]
[Black "Marzik, Hans"]
[Result "1-0"]
[WhiteElo "1768"]
[BlackElo "2105"]
[Annotator "TA"]
[PlyCount "86"]
[EventDate "2019.08.03"]
[EventType "swiss"]
[EventCountry "GER"]
[SourceTitle "playchess.com"]
[Source "ChessBase"]
[SourceQuality "1"]

{[%evp 12,86,9,0,29,4,11,6,10,4,15,0,0,-61,-60,-60,-41,-43,-34,-56,-44,-92,-86,-52,-28,-39,-8,-15,0,-1,-1,-14,-1,-5,0,-1,58,0,0,-6,14,17,50,0,60,60,86,65,68,65,66,67,65,85,256,146,221,192,227,219,305,289,323,312,317,312,461,455,650,566,538,491,610,610,603,595,531]} 1. e4 c6 2. d4 d5 3. e5 Bf5 4. h4 h5 5. Bd3 Bxd3 6. Qxd3 e6 7. Nf3 Qa5+ {B12: Caro-Kann: Advance Variation} 8. c3 (8. Nc3 {is more complex.} Ne7 9. Bg5 Nf5 10. O-O Qa6 11. Qd2) 8... Qa6 9. Qxa6 Nxa6 {The position is equal.} 10. Bg5 Ne7 11. O-O $146 ({Predecessor:} 11. Nbd2 Nf5 12. Ke2 Be7 13. Bxe7 Kxe7 {½-½ (51) Gara,A (2384)-Muzychuk,A (2555) Astana 2019}) 11... Nf5 12. Na3 (12. b4 $11) 12... Bxa3 $1 $15 13. bxa3 c5 14. Rab1 b6 15. a4 Rb8 16. Rb2 Kd7 17. Rfb1 Kc6 18. Kf1 Rb7 19. Ke2 Rhb8 20. g3 Nc7 21. Kd3 a6 22. Kc2 Ne8 23. a3 Rc8 (23... b5 $11) 24. Kd3 (24. dxc5 $14 Kxc5 25. Kd3) 24... c4+ $11 25. Kc2 f6 26. Bf4 Ra8 27. Re1 {[#] Black must now prevent exf6.} Re7 ({Better is} 27... Kd7 $11) 28. Rbb1 Raa7 29. Re2 Rab7 30. Rbe1 Kd7 31. Ng1 Nc7 32. Nh3 b5 $2 {[#]} (32... Re8 $16) 33. a5 (33. exf6 $1 $18 gxf6 34. Bxc7 Rxc7 35. Nf4) 33... Ne8 (33... Re8 $16 34. Bd2 Rh8) 34. Bc1 $18 fxe5 35. Rxe5 Ned6 36. Ng5 Nf7 37. Nxf7 ({Not} 37. Rxe6 Nxg5 38. Rxe7+ Nxe7 $16) ({Weaker is} 37. Nxe6 Nxe5 38. Nc5+ Kc6 $11) 37... Rxf7 38. Rxe6 Ne7 (38... Re7 $142 39. Rxe7+ Nxe7) 39. Bf4 {White is clearly winning.} Kd8 (39... Ra7 $142 40. Rd6+ Kc8) 40. R1e2 Rf6 41. R6e5 Rd7 42. Bg5 Rf7 43. Re6 Ra7 {Accuracy: White = 48%, Black = 28%.} 1-0

[Event "NSV Open-ch Rapid 2019"]
[Site "Lueneburg"]
[Date "2019.08.03"]
[Round "5.18"]
[White "Marzik, Arne"]
[Black "Schulz, Daniel"]
[Result "0-1"]
[WhiteElo "1366"]
[BlackElo "2071"]
[Annotator "NA RC"]
[PlyCount "59"]
[EventDate "2019.08.03"]
[EventType "swiss"]
[EventCountry "GER"]
[SourceTitle "playchess.com"]
[Source "ChessBase"]
[SourceQuality "1"]
[TimeControl "600+5"]

1. d4 {[%emt 0:00:00]} g6 {[%emt 0:00:00]} 2. Nf3 {[%emt 0:00:00]} Bg7 {[%emt 0:00:00]} 3. g3 {[%emt 0:00:00]} Nf6 {[%emt 0:00:02]} 4. Bg2 {[%emt 0:00:01]} O-O {[%emt 0:00:01]} 5. O-O {[%emt 0:00:02]} d5 {[%emt 0:00:01]} 6. c4 {[%emt 0:00:09]} c6 {[%emt 0:00:02]} 7. Nc3 {[%emt 0:00:07]} dxc4 {[%emt 0:00:02]} 8. e4 {[%emt 0:00:27]} b5 {[%emt 0:00:33]} 9. a4 {[%emt 0:00:07]} b4 {[%emt 0:00:21]} 10. e5 {[%emt 0:01:50]} bxc3 {[%emt 0:01:39]} 11. exf6 {[%emt 0:00:04]} cxb2 {[%emt 0:00:04]} 12. Bxb2 {[%emt 0:00:06]} exf6 {[%emt 0:00:16]} 13. Nd2 {[%emt 0:00:32]} Be6 {[%emt 0:00:04]} 14. Bc3 {[%emt 0:01:05]} Bd5 {[%emt 0:00:14]} 15. Bh3 {[%emt 0:01:24]} Na6 {[%emt 0:00:47]} 16. Re1 {[%emt 0:01:48]} Rb8 {[%emt 0:00:34]} 17. a5 {[%emt 0:00:12]} Nb4 {[%emt 0:00:11]} 18. Ra4 {[%emt 0:01:12]} Qd6 {[%emt 0:01:00]} 19. Ne4 {[%emt 0:00:31]} Bxe4 {[%emt 0:00:01]} 20. Rxe4 {[%emt 0:00:02]} f5 {[%emt 0:00:10]} 21. Re2 {[%emt 0:01:07]} Nd5 {[%emt 0:01:17]} 22. Rxc4 {[%emt 0:00:56]} Nxc3 {[%emt 0:00:03]} 23. Rxc3 {[%emt 0:00:02]} Bxd4 {[%emt 0:00:19]} 24. Rc4 {[%emt 0:00:08]} c5 {[%emt 0:00:14]} 25. Bg2 {[%emt 0:00:04]} Rfe8 {[%emt 0:00:43]} 26. Rxe8+ {[%emt 0:00:04]} Rxe8 {[%emt 0:00:02]} 27. Qa4 {[%emt 0:00:09]} Re2 {[%emt 0:00:49]} 28. Bf1 {[%emt 0:00:02]} Rxf2 {[%emt 0:00:45]} 29. Qe8+ {[%emt 0:00:02]} Kg7 {[%emt 0:00:09]} 30. Bg2 {[%emt 0:00:17]} 0-1

[Event "NSV Open-ch Rapid 2019"]
[Site "Lueneburg"]
[Date "2019.08.03"]
[Round "5.19"]
[White "Guo, Philipp Ziming"]
[Black "Rothenberg, Jannik"]
[Result "0-1"]
[WhiteElo "1728"]
[BlackElo "1859"]
[Annotator "NA RC"]
[PlyCount "70"]
[EventDate "2019.08.03"]
[EventType "swiss"]
[EventCountry "GER"]
[SourceTitle "playchess.com"]
[Source "ChessBase"]
[SourceQuality "1"]
[TimeControl "600+5"]

1. e4 {[%emt 0:00:00]} e6 {[%emt 0:00:00]} 2. d4 {[%emt 0:00:00]} d5 {[%emt 0:00:00]} 3. Nc3 {[%emt 0:00:00]} Nf6 {[%emt 0:00:00]} 4. e5 {[%emt 0:00:00]} Nfd7 {[%emt 0:00:00]} 5. f4 {[%emt 0:00:00]} c5 {[%emt 0:00:01]} 6. Nf3 {[%emt 0:00:01]} Nc6 {[%emt 0:00:02]} 7. Be3 {[%emt 0:00:01]} a6 {[%emt 0:00:04]} 8. Qd2 {[%emt 0:00:04]} b5 {[%emt 0:00:01]} 9. dxc5 {[%emt 0:00:02]} Nxc5 {[%emt 0:00:08]} 10. Nd4 {[%emt 0:00:52]} Nxd4 {[%emt 0:00:12]} 11. Bxd4 {[%emt 0:00:08]} b4 {[%emt 0:00:17]} 12. Ne2 {[%emt 0:00:12]} Ne4 {[%emt 0:00:12]} 13. Qe3 {[%emt 0:00:15]} a5 {[%emt 0:00:14]} 14. Ng3 {[%emt 0:00:24]} Nxg3 {[%emt 0:00:20]} 15. Qxg3 {[%emt 0:00:06]} Ba6 {[%emt 0:00:04]} 16. Bd3 {[%emt 0:00:09]} Qc7 {[%emt 0:00:15]} 17. O-O {[%emt 0:00:08]} Bc5 {[%emt 0:00:17]} 18. Bxc5 {[%emt 0:00:51]} Qxc5+ {[%emt 0:00:02]} 19. Rf2 {[%emt 0:00:01]} Bxd3 {[%emt 0:00:09]} 20. Qxd3 {[%emt 0:00:06]} Rc8 {[%emt 0:00:17]} 21. Rd1 {[%emt 0:00:10]} O-O {[%emt 0:00:18]} 22. Kh1 {[%emt 0:00:02]} Qxf2 {[%emt 0:00:04]} 23. Rf1 {[%emt 0:00:33]} Qc5 {[%emt 0:00:11]} 24. f5 {[%emt 0:00:11]} Qxc2 {[%emt 0:00:09]} 25. Qh3 {[%emt 0:00:04]} exf5 {[%emt 0:00:14]} 26. Qf3 {[%emt 0:00:36]} Qe4 {[%emt 0:00:12]} 27. Qg3 {[%emt 0:00:14]} f4 {[%emt 0:00:10]} 28. Qg4 {[%emt 0:00:21]} Qxe5 {[%emt 0:00:03]} 29. h3 {[%emt 0:00:06]} d4 {[%emt 0:00:05]} 30. Rxf4 {[%emt 0:00:08]} Rc1+ {[%emt 0:00:02]} 31. Kh2 {[%emt 0:00:01]} Rf1 {[%emt 0:00:08]} 32. g3 {[%emt 0:00:30]} Rxf4 {[%emt 0:00:03]} 33. gxf4 {[%emt 0:00:01]} Qe3 {[%emt 0:00:01]} 34. f5 {[%emt 0:00:07]} d3 {[%emt 0:00:09]} 35. f6 {[%emt 0:00:06]} Qe2+ {[%emt 0:00:05]} 0-1